000 00806nam1a22002171i 4500
001 rc\899672
005 20260406134131.0
035 _a(NLR Aleph) 006241764
090 _a6672631
_c6672631
100 _a20041129d1983 u |0rusy50 ca
101 0 _arus
102 _aRU
105 _ay |||||||||
200 1 _aПрофили общего применения из алюминиевых и магниевых сплавов
_eКаталог-справочник
_f[Подгот. Всесоюз. ин-том лег. сплавов]
210 _aМ.
_cМеталлургия
_d1983
215 _d22
712 0 2 _aВсесоюзный институт легких сплавов
_3RU\NLR\AUTH\889917193
_9330557
801 0 _aRU
_bNLR
_gpsbo
801 1 _aRU
_bELAR
_2rusmarc
852 _aNLR
_j83-5/4085
942 _cBOOK